000 00567nam a2200205Ia 4500
005 20240205115758.0
008 140110s9999 xx 000 0 und d
020 _a9788131313596
_cRs.1195.00(set)
040 _aLoreto College
041 _aEnglish
082 _a370.15
_bSAB
100 _aSabu,S.
245 _aEncyclopaedia of Education Psychology (Vol.2),
_cS.Sabu
250 _aAdvanced educational psychology
260 _aNew Delhi
_bAPH Publishing
_c2012
300 _avi,148p
650 _aEducational psychology
850 _aLCLIB
942 _cBK
999 _c38075
_d88554